| 000 | 01476nam a22002777a 4500 | ||
|---|---|---|---|
| 001 | BRCA_9217 | ||
| 003 | FranzMayer | ||
| 005 | 20220809140009.0 | ||
| 008 | 220725b |||||||| |||| 00| 0 eng d | ||
| 040 |
_bspa _cMFM |
||
| 041 | 1 |
_aspa _aeng |
|
| 050 |
_aNC1807.M4 _bB54 16 2020 |
||
| 245 | 0 | 3 | _a16 [i.e Décima Sexta] Bienal Internacional del Cartel en México |
| 260 |
_aCiudad de México : _bBienal Internacional del Cartel en México, _c2020 |
||
| 300 |
_a235 p. : _bil., fot. col. ; _c23 x 32.5 cm. |
||
| 500 | _aUbicación: L59-N5 | ||
| 500 | _aCatálogo de la exposición realizada en el Museo Franz Mayer en la Ciudad de México (18 de noviembre de 2020 - 07 de marzo de 2021) | ||
| 500 | _a30 años : Trigésimo aniversario Bienal Internacional del Cartel en México | ||
| 500 | _aEdición in memoriam: Héctor Villaverde (1939-2018) / René Azcuy (1939-2019) / Alejandro Alvarado y Carreño (1933-2019) / Mitsuo Katsui (1931-2019) / Milton Glaser (1929-2020) | ||
| 500 | _aAlemania, país invitado 2021. | ||
| 520 | _aEl trabajo de la Bienal ha sido destacar el gran valor que posee el cartel por su extraordinario mensaje luminoso y sensible, de fuerte coherencia visual, calidad y composición formal, todo reunido en una misma pieza gráfica. - Eduardo Terrazas. | ||
| 610 |
_aMuseo Franz Mayer (Mexico City, Mexico) _vExposiciones _xCarteles _928496 |
||
| 650 |
_aCarteles _vConcursos _xDiseño _zMéxico |
||
| 942 |
_2lcc _cB |
||
| 999 |
_c10836 _d10836 |
||